000
00158 a2200073 4500
020
_a
93034240064
082
_2
821.1 CHA
_a
821.1
_b
1
245
_a
TROILUS AND CRISEYDE
999
_c
784875
_d
784874
942
_w
438
_x
Lucy Nkosi
_y
438
_z
Lucy Nkosi